<?xml version="1.0" encoding="UTF-8"?>
<record
    xmlns:xsi="http://www.w3.org/2001/XMLSchema-instance"
    xsi:schemaLocation="http://www.loc.gov/MARC21/slim http://www.loc.gov/standards/marcxml/schema/MARC21slim.xsd"
    xmlns="http://www.loc.gov/MARC21/slim">

  <leader>02318nab a2200265 ab4500</leader>
  <controlfield tag="005">20260428112835.0</controlfield>
  <controlfield tag="008">260428c2025    ck|fr|p|o|||| 00| 0 spa d</controlfield>
  <datafield tag="040" ind1=" " ind2=" ">
    <subfield code="a">MX-MxUPN</subfield>
    <subfield code="b">spa</subfield>
    <subfield code="c">MX-MxUPN</subfield>
    <subfield code="e">aacr2</subfield>
  </datafield>
  <datafield tag="100" ind1="1" ind2=" ">
    <subfield code="a">Sarmiento Mart&#xED;n, Claudia Mayerly </subfield>
    <subfield code="9">59409</subfield>
  </datafield>
  <datafield tag="100" ind1="1" ind2=" ">
    <subfield code="a">Torres Puentes, Elizabeth </subfield>
    <subfield code="9">59082</subfield>
  </datafield>
  <datafield tag="245" ind1="1" ind2=" ">
    <subfield code="a">Pr&#xE1;cticas de profesores en zonas de conflicto armado:</subfield>
    <subfield code="b">una comprensi&#xF3;n de la experiencia</subfield>
    <subfield code="h">[recurso electr&#xF3;nico en l&#xED;nea]</subfield>
  </datafield>
  <datafield tag="506" ind1="0" ind2=" ">
    <subfield code="a">Acceso abierto</subfield>
  </datafield>
  <datafield tag="520" ind1="3" ind2=" ">
    <subfield code="a">El presente art&#xED;culo de investigaci&#xF3;n analiza las diversas tipolog&#xED;as de pr&#xE1;cticas desarrolladas por profesores que laboran en territorios afectados por el conflicto armado en Colombia. Estas pr&#xE1;cticas se comprenden a partir de la narrativa de los maestros, en la medida en que la pr&#xE1;ctica es concebida como una experiencia humana. En este sentido, se rastrean la pr&#xE1;ctica pedag&#xF3;gica, la pr&#xE1;ctica docente y la pr&#xE1;ctica de aula en contextos atravesados por la violencia armada. Para el an&#xE1;lisis de las narrativas, se construy&#xF3; una red conceptual que articula tres categor&#xED;as centrales: la pr&#xE1;ctica como experiencia humana, la escuela en el marco del conflicto armado colombiano y los relatos autobiogr&#xE1;ficos de docentes que ense&#xF1;an en este contexto. La investigaci&#xF3;n se enmarca en el enfoque de la Investigaci&#xF3;n Narrativa, lo que permiti&#xF3; analizar un corpus significativo de estudios sobre la educaci&#xF3;n y la escuela en zonas de conflicto armado. Los resultados permitieron reconocer que las pr&#xE1;cticas de los maestros se mueven en permanente tensi&#xF3;n: las pr&#xE1;cticas docentes se mueven en el vaiv&#xE9;n de la tensi&#xF3;n entre la adaptaci&#xF3;n y la resistencia; las pr&#xE1;cticas pedag&#xF3;gicas transitan desde la convicci&#xF3;n hasta la estrategia; y las pr&#xE1;cticas de aula tienen lugar entre el deber del maestro y las marcas del conflicto.</subfield>
  </datafield>
  <datafield tag="650" ind1=" " ind2="4">
    <subfield code="a">Educaci&#xF3;n</subfield>
    <subfield code="9">682</subfield>
  </datafield>
  <datafield tag="650" ind1=" " ind2="2">
    <subfield code="a">Escuelas</subfield>
    <subfield code="9">6136</subfield>
  </datafield>
  <datafield tag="650" ind1=" " ind2="4">
    <subfield code="a">Maestros</subfield>
    <subfield code="9">16336</subfield>
  </datafield>
  <datafield tag="650" ind1=" " ind2="4">
    <subfield code="a">Pr&#xE1;cticas de la ense&#xF1;anza</subfield>
    <subfield code="9">2849</subfield>
  </datafield>
  <datafield tag="653" ind1=" " ind2=" ">
    <subfield code="a">Conflicto armado</subfield>
  </datafield>
  <datafield tag="653" ind1=" " ind2=" ">
    <subfield code="a">Narrativas</subfield>
  </datafield>
  <datafield tag="773" ind1=" " ind2=" ">
    <subfield code="g">Vol. 27 N&#xFA;m. 2 (2025), p. 51-62</subfield>
    <subfield code="t">Horizontes pedag&#xF3;gicos</subfield>
    <subfield code="x">2500-705X</subfield>
  </datafield>
  <datafield tag="856" ind1="4" ind2=" ">
    <subfield code="u">https://horizontespedagogicos.ibero.edu.co/article/view/3445</subfield>
  </datafield>
  <datafield tag="856" ind1="4" ind2=" ">
    <subfield code="u">https://doi.org/10.33881/0123-8264.hop.27205</subfield>
  </datafield>
  <datafield tag="902" ind1=" " ind2=" ">
    <subfield code="a">Gloria Jim&#xE9;nez/280426</subfield>
  </datafield>
  <datafield tag="942" ind1=" " ind2=" ">
    <subfield code="c">ART-E</subfield>
  </datafield>
  <datafield tag="952" ind1=" " ind2=" ">
    <subfield code="0">0</subfield>
    <subfield code="1">0</subfield>
    <subfield code="4">0</subfield>
    <subfield code="7">0</subfield>
    <subfield code="8">CAA</subfield>
    <subfield code="a">BCUPN50</subfield>
    <subfield code="b">BCUPN50</subfield>
    <subfield code="c">ENL</subfield>
    <subfield code="d">2026-04-28</subfield>
    <subfield code="l">0</subfield>
    <subfield code="r">2026-04-28 11:28:47</subfield>
    <subfield code="u">https://doi.org/10.33881/0123-8264.hop.27205</subfield>
    <subfield code="w">2026-04-28</subfield>
    <subfield code="y">ART-E</subfield>
  </datafield>
  <datafield tag="999" ind1=" " ind2=" ">
    <subfield code="c">215016</subfield>
    <subfield code="d">215016</subfield>
  </datafield>
</record>
